[Event "Hvar Arsenal blitz op"]
[Site "Hvar"]
[Date "2022.10.11"]
[Round "5"]
[White "Batinic, Josip"]
[Black "Bender, Ivan"]
[Result "1/2-1/2"]
[WhiteElo "1871"]
[BlackElo "2121"]
[PlyCount "117"]
[EventDate "2022.10.11"]
[EventType "swiss (blitz)"]
[EventRounds "11"]
[EventCountry "CRO"]
[SourceTitle "CBM 210 Extra"]
[Source "ChessBase"]
[SourceDate "2022.11.30"]
[SourceVersion "1"]
[SourceVersionDate "2022.11.30"]
[SourceQuality "1"]

1. e4 c5 2. d4 cxd4 3. c3 dxc3 4. Nxc3 Na6 5. Nf3 Nc7 6. Be2 b5 7. 0-0 b4 8. Nd5 e6 9. Ne3 Bb7 10. e5 d5 11. Qb3 a5 12. Nd4 Ne7 13. Bb5+ Nxb5 14. Nxb5 Nc6 15. a4 Nxe5 16. Re1 Be7 17. f4 Nc4 18. Nxc4 dxc4 19. Qxc4 0-0 20. Be3 Rc8 21. Qe2 Qd5 22. Rad1 Qe4 23. Bb6 Qxe2 24. Rxe2 Ba6 25. Bxa5 Rb8 26. Rd7 Bf6 27. Bxb4 Rfc8 28. Bc3 Bxc3 29. bxc3 Bxb5 30. axb5 Rxb5 31. Red2 g6 32. Rd8+ Rxd8 33. Rxd8+ Kg7 34. Rc8 Rb2 35. h3 h5 36. h4 Kf6 37. Rc7 Rc2 38. Kh2 e5 39. fxe5+ Ke6 40. Kh3 Re2 41. Kg3 Rxe5 42. Kf4 Re2 43. g4 Rg2 44. gxh5 gxh5 45. c4 Rg4+ 46. Kf3 Rxh4 47. c5 Rc4 48. Kg3 f6 49. c6 Kf5 50. Rh7 Rc3+ 51. Kh4 Rxc6 52. Rxh5+ Kf4 53. Ra5 Rc3 54. Rd5 f5 55. Rd4+ Kf3 56. Kg5 Rc5 57. Rf4+ Ke3 58. Rxf5 Rxf5+ 59. Kxf5 1/2-1/2

[Event "Hvar Arsenal blitz op"]
[Site "Hvar"]
[Date "2022.10.11"]
[Round "3"]
[White "Golubovic, Erik"]
[Black "Bender, Ivan"]
[Result "1-0"]
[WhiteElo "1669"]
[BlackElo "2121"]
[PlyCount "37"]
[EventDate "2022.10.11"]
[EventType "swiss (blitz)"]
[EventRounds "11"]
[EventCountry "CRO"]
[SourceTitle "CBM 210 Extra"]
[Source "ChessBase"]
[SourceDate "2022.11.30"]
[SourceVersion "1"]
[SourceVersionDate "2022.11.30"]
[SourceQuality "1"]

1. e4 c5 2. c3 d5 3. exd5 Qxd5 4. d4 cxd4 5. cxd4 e5 6. Nc3 Bb4 7. Qa4+ Nc6 8. Qxb4 Nxb4 9. Nxd5 Nc2+ 10. Kd1 Nxa1 11. Nc7+ Kd8 12. Nxa8 Bf5 13. Nf3 f6 14. dxe5 Nc2 15. Nh4 Nd4 16. Be3 g5 17. Bxd4 gxh4 18. exf6 Nh6 19. f7 1-0

[Event "Hum na Sutli op 14th"]
[Site "Hum na Sutli"]
[Date "2022.08.25"]
[Round "8"]
[White "Bender, Ivan"]
[Black "Stubljar, Andrej"]
[Result "1-0"]
[WhiteElo "2238"]
[BlackElo "2025"]
[PlyCount "81"]
[EventDate "2022.08.20"]
[EventType "swiss"]
[EventRounds "9"]
[EventCountry "CRO"]
[SourceTitle "CBM 210 Extra"]
[Source "ChessBase"]
[SourceDate "2022.11.30"]
[SourceVersion "1"]
[SourceVersionDate "2022.11.30"]
[SourceQuality "1"]

1. Nf3 d5 2. d4 e6 3. g3 Nf6 4. Bg2 c5 5. 0-0 Nc6 6. c4 Be7 7. cxd5 exd5 8. Nc3 0-0 9. b3 Be6 10. Bb2 Ne4 11. Rc1 cxd4 12. Nxe4 dxe4 13. Nxd4 Nxd4 14. Qxd4 Qxd4 15. Bxd4 Rfd8 16. e3 Bd5 17. Rfd1 Bc6 18. Bf1 a5 19. a4 Bb4 20. Bc4 Rd7 21. Bb6 Rxd1+ 22. Rxd1 Kf8 23. Kg2 Ke7 24. g4 f6 25. Rd4 g6 26. h4 f5 27. g5 Rc8 28. Rd1 Bxa4 29. Ra1 Bc6 30. Bxa5 Bxa5 31. Rxa5 Kd6 32. Kg3 f4+ 33. Kxf4 Rf8+ 34. Kg3 Rf3+ 35. Kg2 Bd7 36. Rd5+ Kc6 37. Rd4 Bh3+ 38. Kg1 Bf5 39. Bd5+ Kc5 40. Bxb7 Rh3 41. Bxe4 1-0

[Event "Hum na Sutli op 14th"]
[Site "Hum na Sutli"]
[Date "2022.08.21"]
[Round "4"]
[White "Bender, Ivan"]
[Black "Kodric, Gasper"]
[Result "1-0"]
[WhiteElo "2238"]
[BlackElo "1901"]
[PlyCount "159"]
[EventDate "2022.08.20"]
[EventType "swiss"]
[EventRounds "9"]
[EventCountry "CRO"]
[SourceTitle "CBM 210 Extra"]
[Source "ChessBase"]
[SourceDate "2022.11.30"]
[SourceVersion "1"]
[SourceVersionDate "2022.11.30"]
[SourceQuality "1"]

1. d4 d5 2. c4 c6 3. cxd5 cxd5 4. Bf4 Nc6 5. e3 Nf6 6. Bd3 e6 7. Nc3 Bd6 8. Bxd6 Qxd6 9. f4 Bd7 10. Nf3 a6 11. Ne5 h5 12. 0-0 Ne7 13. Rc1 g6 14. Rc2 Kf8 15. h3 Kg7 16. g4 hxg4 17. hxg4 Rh3 18. Rf3 Rah8 19. Rxh3 Rxh3 20. Rh2 Rxh2 21. Kxh2 Bc6 22. Qc2 b5 23. a3 Bb7 24. g5 Nd7 25. Nxd7 Qxd7 26. Kg3 Bc8 27. Qh2 Nf5+ 28. Kf3 Qe7 29. Bxf5 exf5 30. Qc2 Qc7 31. Kf2 Qc4 32. Ke1 b4 33. axb4 Qxb4 34. Kd1 Bb7 35. Kc1 Bc6 36. Kb1 Kf8 37. Nd1 Qb7 38. Qc5+ Kg8 39. Nc3 Kg7 40. Kc2 Kg8 41. b3 Qa8 42. Qa5 Qb7 43. Na2 Bb5 44. Qd8+ Kg7 45. Nb4 Bc4 46. Kc3 Qb5 47. Qf6+ Kg8 48. Qc6 Qa5 49. Qa4 Qxa4 50. bxa4 Kf8 51. Nc6 Ke8 52. Kb4 Be2 53. Ka5 Kd7 54. Nb8+ Kc7 55. Nxa6+ Kb7 56. Nc5+ Kc6 57. Kb4 Bf1 58. Nb3 Be2 59. Nd2 Kb6 60. Nb1 Bf1 61. Nc3 Bc4 62. Nb5 Kc6 63. Ka5 Bb3 64. Kb4 Bc4 65. Nc3 Bd3 66. a5 Ba6 67. Na4 Be2 68. Nc5 Bc4 69. a6 Kb6 70. Nd7+ Kxa6 71. Kc5 Kb7 72. Kd6 Kc8 73. Ke7 Bb5 74. Ne5 Be2 75. Kxf7 Kd8 76. Kxg6 Ke7 77. Kh7 Bh5 78. g6 Bxg6+ 79. Kxg6 Ke6 80. Kg5 1-0

[Event "Solta op 5th"]
[Site "Grohote"]
[Date "2022.07.07"]
[Round "6"]
[White "Draganic, Stjepan"]
[Black "Bender, Ivan"]
[Result "0-1"]
[WhiteElo "2034"]
[BlackElo "2252"]
[PlyCount "86"]
[EventDate "2022.07.02"]
[EventType "swiss"]
[EventRounds "9"]
[EventCountry "CRO"]
[SourceTitle "EXT 2023"]
[Source "ChessBase"]
[SourceDate "2022.10.05"]
[SourceVersion "1"]
[SourceVersionDate "2022.10.05"]
[SourceQuality "1"]

1. d4 c6 2. c3 g6 3. Bf4 Nf6 4. h3 d5 5. Nd2 Bg7 6. Ngf3 0-0 7. e3 Bf5 8. Be2 Re8 9. Ne5 Nbd7 10. 0-0 a5 11. a4 Qb6 12. g4 Be6 13. Qc2 Nxe5 14. Bxe5 Nd7 15. Bxg7 Kxg7 16. f4 f6 17. Bd3 Bf7 18. Nf3 e5 19. fxe5 fxe5 20. Qf2 e4 21. Ne5 Nxe5 22. dxe5 Qc7 23. Qf6+ Kg8 24. Bc2 Rxe5 25. Qh4 Qe7 26. Rf6 Re6 27. Raf1 Rxf6 28. Rxf6 Re8 29. g5 Be6 30. Bd1 Qd7 31. Bg4 Bxg4 32. hxg4 c5 33. Qg3 d4 34. cxd4 cxd4 35. Rd6 Qxa4 36. Rxd4 Qa1+ 37. Kh2 Qxb2+ 38. Kh3 Qe2 39. Qd6 Qxe3+ 40. Kh4 Qf2+ 41. Kh3 Rf8 42. Qd5+ Qf7 43. Qxe4 Qf1+ 0-1

[Event "Solta op 5th"]
[Site "Grohote"]
[Date "2022.07.04"]
[Round "4"]
[White "Kubicka, Anna"]
[Black "Bender, Ivan"]
[Result "1-0"]
[WhiteElo "2222"]
[BlackElo "2252"]
[PlyCount "78"]
[EventDate "2022.07.02"]
[EventType "swiss"]
[EventRounds "9"]
[EventCountry "CRO"]
[SourceTitle "EXT 2023"]
[Source "ChessBase"]
[SourceDate "2022.10.05"]
[SourceVersion "1"]
[SourceVersionDate "2022.10.05"]
[SourceQuality "1"]

1. e4 e5 2. Nf3 Nc6 3. Bb5 a6 4. Ba4 Nf6 5. 0-0 Be7 6. Re1 b5 7. Bb3 d6 8. c3 0-0 9. h3 Nb8 10. d4 Nbd7 11. c4 Bb7 12. Nc3 b4 13. Nd5 c6 14. Nxb4 d5 15. Nxc6 Bxc6 16. exd5 Bxd5 17. cxd5 e4 18. Ng5 Bb4 19. Bd2 Bxd2 20. Qxd2 a5 21. Nxe4 Nxe4 22. Rxe4 a4 23. Bc4 Nb6 24. b3 Nxd5 25. Rae1 Qd6 26. bxa4 Nf6 27. Re7 Rxa4 28. Qc2 Qb4 29. Bb3 Raa8 30. Qc5 Qd2 31. R1e2 Qd3 32. R2e3 Qa6 33. Rg3 Rac8 34. Qg5 g6 35. Rf3 Rc6 36. Kh2 Rd6 37. Qe5 Kg7 38. g4 h6 39. h4 Kh7 1-0

[Event "Solta op 5th"]
[Site "Grohote"]
[Date "2022.07.02"]
[Round "1"]
[White "Bender, Ivan"]
[Black "Lauda, Alexandr"]
[Result "1-0"]
[WhiteElo "2252"]
[BlackElo "1916"]
[PlyCount "57"]
[EventDate "2022.07.02"]
[EventType "swiss"]
[EventRounds "9"]
[EventCountry "CRO"]
[SourceTitle "EXT 2023"]
[Source "ChessBase"]
[SourceDate "2022.10.05"]
[SourceVersion "1"]
[SourceVersionDate "2022.10.05"]
[SourceQuality "1"]

1. d4 Nf6 2. c4 g6 3. f3 Bg7 4. e4 d6 5. Nc3 0-0 6. Bg5 c5 7. d5 e6 8. Qd2 exd5 9. cxd5 Re8 10. Nge2 Qa5 11. Bf4 Bf8 12. a4 a6 13. Ra3 Nbd7 14. Ng3 h5 15. Be2 Ne5 16. 0-0 c4 17. Nh1 Bd7 18. Nf2 Kh7 19. h3 h4 20. Be3 Bg7 21. f4 Nd3 22. Nxd3 cxd3 23. Bxd3 Nh5 24. f5 Be5 25. fxg6+ Kxg6 26. Qf2 f6 27. Ne2 Ng3 28. Rb1 Qb4 29. Nc3 1-0

[Event "CRO-chT1B 29th"]
[Site "Mali Losinj"]
[Date "2021.09.27"]
[Round "4.3"]
[White "Petrusic, Toni"]
[Black "Bender, Ivan"]
[Result "1-0"]
[WhiteElo "2258"]
[BlackElo "2235"]
[PlyCount "95"]
[EventDate "2021.09.25"]
[EventType "team-tourn"]
[EventRounds "11"]
[EventCountry "CRO"]
[SourceTitle "CBM 204 Extra"]
[Source "ChessBase"]
[SourceDate "2021.11.30"]
[SourceVersion "1"]
[SourceVersionDate "2021.11.30"]
[SourceQuality "1"]
[WhiteTeam "Bjelovar"]
[BlackTeam "Dubrovnik"]
[WhiteTeamCountry "CRO"]
[BlackTeamCountry "CRO"]

1. e4 e5 2. Nf3 Nc6 3. Bc4 Nf6 4. d3 Be7 5. Bb3 0-0 6. Nbd2 d6 7. c3 h6 8. h3 Re8 9. g4 Nh7 10. Nf1 Bg5 11. Nxg5 hxg5 12. h4 Qf6 13. hxg5 Nxg5 14. Bxg5 Qxg5 15. Qf3 Be6 16. Ne3 Qf6 17. Qh3 Kf8 18. Nf5 Bxf5 19. gxf5 Ke7 20. Ke2 Na5 21. Ba4 b5 22. Bc2 c5 23. Rag1 Rg8 24. Qe3 Rac8 25. b4 Nb7 26. Bb3 Rc7 27. Rh7 Nd8 28. bxc5 dxc5 29. Bd5 Kf8 30. f4 b4 31. Qg3 Re7 32. fxe5 Rxe5 33. Qe3 Qb6 34. d4 cxd4 35. cxd4 Re7 36. e5 Qb5+ 37. Ke1 Qxd5 38. f6 Rc7 39. Rgxg7 Ke8 40. Rxg8+ Kd7 41. e6+ Nxe6 42. Rxf7+ Kc6 43. Rxc7+ Nxc7 44. Rg5 Qxa2 45. Rc5+ Kb6 46. Qe4 Qa1+ 47. Kd2 Qa4 48. f7 1-0

[Event "CRO-chT1B 29th"]
[Site "Mali Losinj"]
[Date "2021.09.26"]
[Round "3.44"]
[White "Bender, Ivan"]
[Black "Muha, Miljenko"]
[Result "0-1"]
[WhiteElo "2235"]
[BlackElo "2289"]
[PlyCount "80"]
[EventDate "2021.09.25"]
[EventType "team-tourn"]
[EventRounds "11"]
[EventCountry "CRO"]
[SourceTitle "CBM 204 Extra"]
[Source "ChessBase"]
[SourceDate "2021.11.30"]
[SourceVersion "1"]
[SourceVersionDate "2021.11.30"]
[SourceQuality "1"]
[WhiteTeam "Dubrovnik"]
[BlackTeam "Split Brda"]
[WhiteTeamCountry "CRO"]
[BlackTeamCountry "CRO"]

1. d4 d5 2. c4 c6 3. e3 e6 4. Nf3 f5 5. Nc3 Nf6 6. Qc2 Bd6 7. g3 0-0 8. Bg2 Ne4 9. 0-0 Nd7 10. Rb1 Qe7 11. a3 Nxc3 12. Qxc3 b5 13. cxb5 cxb5 14. Bd2 Nb6 15. Qb3 Bd7 16. Bb4 a5 17. Bxd6 Qxd6 18. Rfc1 Nc4 19. Qd1 Rfc8 20. Ne1 Rc7 21. Nd3 Rac8 22. Qe2 Be8 23. Ra1 g5 24. g4 Bg6 25. gxf5 Bxf5 26. Nc5 a4 27. Rd1 Rf8 28. Rf1 g4 29. Rad1 Rf6 30. e4 Rh6 31. f4 gxf3 32. Bxf3 Rg7+ 33. Kh1 dxe4 34. Bxe4 Ne3 35. Rf2 Nxd1 36. Qxd1 Rhg6 37. Rf1 Qxc5 38. Rxf5 Rg1+ 39. Qxg1 Rxg1+ 40. Kxg1 Qxd4+ 0-1

[Event "Split op 10th"]
[Site "Split"]
[Date "2021.08.06"]
[Round "8"]
[White "Minko, Dmitry"]
[Black "Bender, Ivan"]
[Result "1-0"]
[WhiteElo "2136"]
[BlackElo "2267"]
[PlyCount "49"]
[EventDate "2021.07.31"]
[EventType "swiss"]
[EventRounds "9"]
[EventCountry "CRO"]
[SourceTitle "CBM 203 Extra"]
[Source "ChessBase"]
[SourceDate "2021.09.30"]
[SourceVersion "1"]
[SourceVersionDate "2021.09.30"]
[SourceQuality "1"]

1. e4 c6 2. d4 d5 3. exd5 cxd5 4. Bd3 Nc6 5. c3 Qc7 6. h3 g6 7. Nf3 Bf5 8. Be2 Nf6 9. 0-0 e6 10. Re1 Bxb1 11. Rxb1 Bd6 12. Bh6 Rg8 13. Bb5 Ne4 14. Bd3 f5 15. Bxe4 fxe4 16. Ng5 Nd8 17. Qg4 Kd7 18. f3 Bg3 19. Re2 Qf4 20. Qxf4 Bxf4 21. Nxh7 Bxh6 22. Nf6+ Kd6 23. Nxg8 Bg7 24. fxe4 dxe4 25. Rf1 1-0

[Event "Krapina op 10th"]
[Site "Krapina"]
[Date "2020.01.19"]
[Round "7"]
[White "Karlusic, Luka"]
[Black "Bender, Ivan"]
[Result "0-1"]
[WhiteElo "2177"]
[BlackElo "2201"]
[PlyCount "80"]
[EventDate "2020.01.16"]
[EventType "swiss"]
[EventRounds "7"]
[EventCountry "CRO"]
[SourceTitle "CBM 194 Extra"]
[Source "ChessBase"]
[SourceDate "2020.03.31"]
[SourceVersion "1"]
[SourceVersionDate "2020.03.31"]
[SourceQuality "1"]

1. d4 Nf6 2. c4 g6 3. Nc3 d5 4. cxd5 Nxd5 5. e4 Nxc3 6. bxc3 Bg7 7. Bc4 c5 8. Ne2 0-0 9. 0-0 cxd4 10. cxd4 Nc6 11. Be3 Bg4 12. f3 Bd7 13. Qd2 Qa5 14. Qb2 b5 15. Bd5 e6 16. Bb3 Rfc8 17. f4 Qd8 18. Ng3 Na5 19. f5 Nxb3 20. Qxb3 Rc4 21. fxg6 fxg6 22. Rad1 Rac8 23. Rd3 Qa5 24. Qd1 Qxa2 25. Rf2 Rc2 26. Rdd2 Rc1 27. Rxa2 Rxd1+ 28. Rf1 Rxf1+ 29. Kxf1 Ra8 30. d5 a5 31. Bd2 a4 32. Bb4 Rc8 33. Ke2 Rc4 34. Bd6 exd5 35. exd5 b4 36. Kd3 Rd4+ 37. Ke3 b3 38. Rd2 Rxd2 39. Kxd2 b2 40. Kc2 Bb5 0-1

[Event "Krapina op 10th"]
[Site "Krapina"]
[Date "2020.01.16"]
[Round "1"]
[White "Mlinaric, Andrija"]
[Black "Bender, Ivan"]
[Result "0-1"]
[WhiteElo "1831"]
[BlackElo "2201"]
[PlyCount "122"]
[EventDate "2020.01.16"]
[EventType "swiss"]
[EventRounds "7"]
[EventCountry "CRO"]
[SourceTitle "CBM 194 Extra"]
[Source "ChessBase"]
[SourceDate "2020.03.31"]
[SourceVersion "1"]
[SourceVersionDate "2020.03.31"]
[SourceQuality "1"]

1. d4 d5 2. Nf3 Nf6 3. c4 e6 4. Nc3 Be7 5. e3 0-0 6. Bd3 Nbd7 7. 0-0 dxc4 8. Bxc4 c5 9. a4 cxd4 10. exd4 Nb6 11. Ba2 Nbd5 12. Ne5 Nb4 13. Bb1 b6 14. Qf3 Ba6 15. Rd1 Rc8 16. Nb5 Qd5 17. Qxd5 Nfxd5 18. Nxa7 Rc7 19. Nb5 Bxb5 20. axb5 Rfc8 21. Be4 f6 22. Bxd5 exd5 23. Nf3 Nd3 24. Be3 Nxb2 25. Rdb1 Nc4 26. Bf4 Bd6 27. Bg3 Bxg3 28. hxg3 Na5 29. Re1 Kf7 30. Re2 Rc1+ 31. Re1 R1c2 32. Re3 Rb2 33. Rae1 Rc7 34. Nh4 Nc4 35. Re8 Rxb5 36. Rh8 Re7 37. Rd1 Rb2 38. Rd8 Ree2 39. Rf1 Ke6 40. Re8+ Kd7 41. Rg8 g6 42. Rg7+ Re7 43. Rg8 b5 44. Ra8 b4 45. Rfa1 Na3 46. Nf3 Ree2 47. Rf1 Nc4 48. Ra7+ Kc6 49. Rxh7 b3 50. Rh6 Rxf2 51. Rxg6 Rxf1+ 52. Kxf1 Rb1+ 53. Ke2 b2 54. Rxf6+ Kb5 55. Nd2 Nxd2 56. Kxd2 Rg1 57. Rf8 b1Q 58. Rb8+ Kc4 59. Rxb1 Rxb1 60. Ke3 Re1+ 61. Kf3 Kxd4 0-1

[Event "Podturen Mavrin Memorial 8th"]
[Site "Podturen"]
[Date "2020.01.06"]
[Round "6"]
[White "Bender, Ivan"]
[Black "Segovic, Goran"]
[Result "1-0"]
[WhiteElo "2201"]
[BlackElo "2289"]
[PlyCount "127"]
[EventDate "2020.01.03"]
[EventType "swiss"]
[EventRounds "7"]
[EventCountry "CRO"]
[SourceTitle "CBM 194 Extra"]
[Source "ChessBase"]
[SourceDate "2020.03.31"]
[SourceVersion "1"]
[SourceVersionDate "2020.03.31"]
[SourceQuality "1"]

1. e4 e5 2. Nf3 Nc6 3. Bb5 f5 4. d3 fxe4 5. dxe4 Nf6 6. 0-0 d6 7. Bc4 Na5 8. Be2 Be7 9. Nc3 0-0 10. h3 Kh8 11. Be3 Be6 12. b3 Nc6 13. a4 a6 14. a5 Qd7 15. Ra4 Rad8 16. Nd5 Bg8 17. Bc4 h6 18. Nxf6 Rxf6 19. Bxg8 Rxg8 20. Nh4 Rd8 21. Qh5 Qe8 22. Qxe8+ Rxe8 23. Nf5 Bf8 24. h4 h5 25. Ng3 g6 26. Ne2 Kh7 27. f3 Bh6 28. Bf2 Rf7 29. Rd1 Rg8 30. b4 Nd8 31. c4 Ne6 32. b5 g5 33. b6 cxb6 34. Rxd6 b5 35. cxb5 axb5 36. Rb4 Bf8 37. Rxe6 Bxb4 38. Rxe5 Bxa5 39. hxg5 Bd8 40. Rxb5 Bxg5 41. Ng3 h4 42. Nf5 Bd8 43. Bxh4 Bxh4 44. Nxh4 Rb8 45. Nf5 b6 46. Ne3 Rc7 47. Nd5 Rc2 48. Rxb6 Ra8 49. Ne3 Re2 50. Nf5 Raa2 51. Rh6+ Kg8 52. Rh3 Kf7 53. Kh2 Kf6 54. Kg3 Rec2 55. Rh6+ Ke5 56. Nh4 Kd4 57. Rd6+ Ke3 58. Nf5+ Ke2 59. Nd4+ Kf1 60. Nxc2 Rxc2 61. Rd1+ Ke2 62. Rh1 Rc8 63. Rh4 Ke3 64. e5 1-0

[Event "Podturen Mavrin Memorial 8th"]
[Site "Podturen"]
[Date "2020.01.05"]
[Round "4"]
[White "Jusup, Matej"]
[Black "Bender, Ivan"]
[Result "1/2-1/2"]
[WhiteElo "2235"]
[BlackElo "2201"]
[PlyCount "204"]
[EventDate "2020.01.03"]
[EventType "swiss"]
[EventRounds "7"]
[EventCountry "CRO"]
[SourceTitle "CBM 194 Extra"]
[Source "ChessBase"]
[SourceDate "2020.03.31"]
[SourceVersion "1"]
[SourceVersionDate "2020.03.31"]
[SourceQuality "1"]

1. d4 d5 2. Bf4 Nf6 3. e3 c5 4. Nf3 Nc6 5. Nbd2 cxd4 6. exd4 Qb6 7. Nb3 Bf5 8. a4 a6 9. a5 Qd8 10. Be2 e6 11. 0-0 Be7 12. Ne5 Rc8 13. c3 Nd7 14. Nxc6 Rxc6 15. Re1 0-0 16. Bd3 Bxd3 17. Qxd3 Nf6 18. Bg5 b5 19. Bxf6 gxf6 20. Qd2 Kh8 21. Re3 Rg8 22. Nc1 Qf8 23. Nd3 Qh6 24. f4 Bd6 25. Rf3 e5 26. Nb4 Bxb4 27. cxb4 e4 28. Rc3 Rxc3 29. bxc3 f5 30. Qe3 Qh4 31. Ra2 Rg6 32. Rf2 Rh6 33. h3 Rc6 34. Rc2 h5 35. Kh2 Qf6 36. g3 Qg6 37. h4 Qg4 38. Rc1 Kh7 39. Rf1 Kh6 40. Rc1 Qg8 41. Kh3 Rg6 42. Kh2 Qc8 43. Kh1 Qc4 44. Kg1 Qa2 45. Re1 Rc6 46. Rc1 Qb2 47. Kh1 Rg6 48. Re1 Rg8 49. Kg1 Rc8 50. Rc1 Rc7 51. Kh1 Ra7 52. Kg1 Ra8 53. Kh1 Rb8 54. Kg1 Rb7 55. Kh1 Rd7 56. Kg1 Rd6 57. Kh1 Rd8 58. Kg1 Re8 59. Kh1 Re7 60. Kg1 Re6 61. Kh1 Rf6 62. Kg1 Kg7 63. Kh1 Kh7 64. Kg1 Rc6 65. Kh1 Rc7 66. Kg1 Rb7 67. Kh1 Ra7 68. Kg1 Ra8 69. Kh1 Rb8 70. Kg1 Rc8 71. Kh1 Rd8 72. Kg1 Re8 73. Kh1 Rf8 74. Kg1 Rg8 75. Re1 f6 76. Kh1 Kh6 77. Kg1 Qc2 78. Ra1 Qd3 79. Qxd3 exd3 80. Kf2 Rf8 81. Ra3 d2 82. Ke2 d1Q+ 83. Kxd1 Rg8 84. c4 dxc4 85. Re3 Rd8 86. Re6 Rxd4+ 87. Kc2 Rd3 88. Rxf6+ Kg7 89. Rxf5 Rxg3 90. Rxh5 Rb3 91. Rc5 Rxb4 92. Rc6 Ra4 93. Rxa6 b4 94. Rc6 Ra2+ 95. Kb1 Rxa5 96. Rxc4 Rh5 97. Rxb4 Rxh4 98. Kc2 Kf6 99. Kd3 Kf5 100. Rb5+ Kxf4 101. Rb4+ Kg5 102. Rxh4 Kxh4 1/2-1/2

[Event "Zagreb Damjanovic Memorial 3rd"]
[Site "Zagreb"]
[Date "2019.11.16"]
[Round "8"]
[White "Starcevic, Ante Leon"]
[Black "Bender, Ivan"]
[Result "0-1"]
[WhiteElo "2183"]
[BlackElo "2224"]
[PlyCount "90"]
[EventDate "2019.11.09"]
[EventType "swiss"]
[EventRounds "9"]
[EventCountry "CRO"]
[SourceTitle "CBM 193 Extra"]
[Source "ChessBase"]
[SourceDate "2020.01.31"]
[SourceVersion "1"]
[SourceVersionDate "2020.01.31"]
[SourceQuality "1"]

1. d4 Nf6 2. c4 e6 3. Nf3 b6 4. g3 Ba6 5. Qa4 Be7 6. Bg2 0-0 7. Nc3 c6 8. 0-0 d5 9. Ne5 b5 10. cxb5 cxb5 11. Qd1 b4 12. Na4 Qa5 13. Re1 Rc8 14. Bd2 Nc6 15. Nxc6 Rxc6 16. a3 Qb5 17. Nc5 Bxc5 18. dxc5 b3 19. Rc1 Qa4 20. Bf4 Rac8 21. Bd6 Ne8 22. Qd2 Bxe2 23. Be5 Bc4 24. Bd4 R6c7 25. f4 Qd7 26. Qe3 Nf6 27. h3 Qd8 28. Qe5 Qf8 29. c6 a6 30. Qg5 h6 31. Qh4 Rxc6 32. Bxf6 gxf6 33. Qxf6 Qg7 34. Qxg7+ Kxg7 35. Re3 a5 36. a4 Rb6 37. Rec3 Rcb8 38. Bf1 Bxf1 39. Kxf1 Rb4 40. Rc7 Rxa4 41. Ra7 Rc4 42. Re1 a4 43. Rxe6 a3 44. Ree7 axb2 45. Rxf7+ Kg6 0-1

[Event "Zagreb Damjanovic Memorial 3rd"]
[Site "Zagreb"]
[Date "2019.11.14"]
[Round "6"]
[White "Vujcic, Toni"]
[Black "Bender, Ivan"]
[Result "1/2-1/2"]
[WhiteElo "2068"]
[BlackElo "2224"]
[PlyCount "96"]
[EventDate "2019.11.09"]
[EventType "swiss"]
[EventRounds "9"]
[EventCountry "CRO"]
[SourceTitle "CBM 193 Extra"]
[Source "ChessBase"]
[SourceDate "2020.01.31"]
[SourceVersion "1"]
[SourceVersionDate "2020.01.31"]
[SourceQuality "1"]

1. d4 Nf6 2. Nf3 g6 3. Bg5 Ne4 4. Bh4 d5 5. e3 Bg7 6. Nbd2 c5 7. c3 Bf5 8. Nxe4 dxe4 9. Nd2 cxd4 10. cxd4 Nc6 11. Bb5 a6 12. Bxc6+ bxc6 13. Rc1 Qd7 14. Nc4 Qd5 15. Qa4 Qb5 16. Qa3 f6 17. 0-0 Kf7 18. Na5 Rhc8 19. Rc5 Qb6 20. Rfc1 Bd7 21. Qc3 Bf8 22. b4 e5 23. dxe5 g5 24. Nc4 Qd8 25. Bg3 Bxc5 26. bxc5 f5 27. Nd6+ Kg6 28. Nxc8 Qxc8 29. e6 Bxe6 30. h4 h6 31. a4 Ra7 32. Rb1 Rb7 33. Rb6 Rxb6 34. cxb6 c5 35. Qe5 Kf7 36. hxg5 hxg5 37. f4 gxf4 38. exf4 Qc6 39. a5 Bc8 40. Bf2 c4 41. Bd4 e3 42. Bxe3 c3 43. Qc7+ Qxc7 44. bxc7 Ke6 45. Kf2 Kd6 46. Ke2 Kxc7 47. Kd3 Bb7 48. g3 Bf3 1/2-1/2

[Event "Zagreb Damjanovic Memorial 3rd"]
[Site "Zagreb"]
[Date "2019.11.13"]
[Round "5"]
[White "Bender, Ivan"]
[Black "Vukic, Aleksandar"]
[Result "1-0"]
[WhiteElo "2224"]
[BlackElo "2105"]
[PlyCount "65"]
[EventDate "2019.11.09"]
[EventType "swiss"]
[EventRounds "9"]
[EventCountry "CRO"]
[SourceTitle "CBM 193 Extra"]
[Source "ChessBase"]
[SourceDate "2020.01.31"]
[SourceVersion "1"]
[SourceVersionDate "2020.01.31"]
[SourceQuality "1"]

1. Nf3 d5 2. d4 Nf6 3. g3 c6 4. Bg2 g6 5. 0-0 Bg7 6. b3 0-0 7. Bb2 Nbd7 8. Nbd2 a5 9. c4 e6 10. Qc2 Re8 11. Rfd1 Qe7 12. h3 a4 13. e3 a3 14. Bc3 b5 15. Ne5 Nxe5 16. dxe5 Nd7 17. cxb5 c5 18. f4 Bb7 19. Nc4 Reb8 20. Nd6 f6 21. Nxb7 Rxb7 22. Rxd5 Rc8 23. Rad1 fxe5 24. Rd6 Rbc7 25. b6 Nxb6 26. Rxb6 c4 27. b4 exf4 28. Rxe6 Qg5 29. gxf4 Qh5 30. Red6 Re8 31. Rd7 Rxd7 32. Rxd7 Rxe3 33. Bxg7 1-0

[Event "Zagreb Damjanovic Memorial 3rd"]
[Site "Zagreb"]
[Date "2019.11.12"]
[Round "4"]
[White "Horvat, Damjan"]
[Black "Bender, Ivan"]
[Result "1-0"]
[WhiteElo "2181"]
[BlackElo "2224"]
[PlyCount "85"]
[EventDate "2019.11.09"]
[EventType "swiss"]
[EventRounds "9"]
[EventCountry "CRO"]
[SourceTitle "CBM 193 Extra"]
[Source "ChessBase"]
[SourceDate "2020.01.31"]
[SourceVersion "1"]
[SourceVersionDate "2020.01.31"]
[SourceQuality "1"]

1. c3 d5 2. Na3 Nf6 3. Nf3 e6 4. Nc2 c5 5. g3 Nc6 6. Bg2 Be7 7. 0-0 0-0 8. d4 cxd4 9. Ncxd4 Nxd4 10. Nxd4 e5 11. Nf3 Qc7 12. Qc2 h6 13. b3 Bc5 14. Bb2 e4 15. Ne1 Bf5 16. e3 Be7 17. Qd2 h5 18. Rc1 Rad8 19. Nc2 Qd7 20. Rfd1 Bg4 21. Re1 h4 22. Nd4 hxg3 23. hxg3 Bc5 24. c4 Qe7 25. Qc2 Rc8 26. Ne2 Bb4 27. Rf1 b5 28. Nf4 Be6 29. Qb1 Ba3 30. cxb5 Rb8 31. Rc6 Bxb2 32. Qxb2 Bd7 33. Rc7 Qd6 34. Rfc1 Bxb5 35. Bh3 Ra8 36. a4 Bc4 37. Rb7 Ba6 38. Rbc7 Bc4 39. Rxf7 Rxf7 40. bxc4 Rc7 41. Be6+ Kf8 42. c5 Qa6 43. Qe5 1-0

[Event "CRO-chT1B 28th"]
[Site "Mali Losinj"]
[Date "2019.10.04"]
[Round "7.34"]
[White "Bender, Ivan"]
[Black "Biliskov, Vjekoslav"]
[Result "1/2-1/2"]
[WhiteElo "2212"]
[BlackElo "2333"]
[PlyCount "50"]
[EventDate "2019.09.28"]
[EventType "team-tourn"]
[EventRounds "9"]
[EventCountry "CRO"]
[SourceTitle "EXT 2020"]
[Source "ChessBase"]
[SourceDate "2019.10.17"]
[SourceVersion "1"]
[SourceVersionDate "2019.10.17"]
[SourceQuality "1"]
[WhiteTeam "Dubrovnik"]
[BlackTeam "Bibinje Goran"]
[WhiteTeamCountry "CRO"]
[BlackTeamCountry "CRO"]

1. e4 c5 2. Nf3 a6 3. c3 d5 4. exd5 Qxd5 5. d4 Nf6 6. Be2 e6 7. 0-0 Nc6 8. Be3 cxd4 9. cxd4 Qd8 10. Nc3 Bd6 11. Bg5 Be7 12. Qd2 0-0 13. Rfd1 Nd5 14. Nxd5 exd5 15. Bxe7 Qxe7 16. Re1 Be6 17. a3 Rac8 18. Rac1 h6 19. Bf1 Qd6 20. Bd3 Rfe8 21. h3 Bd7 22. Bb1 Qf6 23. Rxe8+ Rxe8 24. Rc3 Bf5 25. Bxf5 Qxf5 1/2-1/2